header

Ambivalence and the structure of political opinion (Record no. 85078)

MARC details
000 -LEADER
fixed length control field 01419nam a2200361Ia 4500
082 04 - DEWEY DECIMAL CLASSIFICATION NUMBER
Classification number 303.3/8/0973
245 00 - TITLE STATEMENT
Title Ambivalence and the structure of political opinion
250 ## - EDITION STATEMENT
Edition statement 1st ed.
260 ## - PUBLICATION, DISTRIBUTION, ETC. (IMPRINT)
Place of publication New York :
Name of publisher Palgrave Macmillan,
Year of publication 2005.
300 ## - PHYSICAL DESCRIPTION
Number of Pages xvi, 196 p. :
Other physical details ill.
650 #0 - SUBJECT ADDED ENTRY--TOPICAL TERM
Topical Term Public opinion
Topical Term Ambivalence.
700 1# - ADDED ENTRY--PERSONAL NAME
Personal name Craig, Stephen C.
Personal name Martinez, Michael D.
856 40 - ELECTRONIC LOCATION AND ACCESS
Uniform Resource Identifier http://site.ebrary.com/lib/rucke/Doc?id=10135430

No items available.

© 2026 Rongo University
Contact us: librarian | system librarian | Rongo university